| 000 | 00703nam a22001217a 4500 | ||
|---|---|---|---|
| 040 | _cRUA | ||
| 100 | _aITH SOKNAT ,អ៊ិត សុកណាត | ||
| 245 | _aCASE OF ANTIBIOTIC-STAPHYLOCOCCUS SPP.RESISTANCE AT CHROUK MEAS FARM TEUK PHOS DISTRICT,KAMPONG CHHNANG PROVINCE,ករណី STAPHYLOCOCCUS SPP.ស៊ាំនឹងថ្នាំអង់ទីប្យូទិចនៅកសិដ្ឋានជ្រូកមាស ស្រុកទឹកផុស ខេត្តកំពង់ឆ្នាំង | ||
| 260 |
_aphnom penh _brua _c2019 |
||
| 300 |
_aix.35p. _bill. _c29cm. |
||
| 856 | _uhttps://drive.google.com/file/d/1M6GYEfiAL1d9j5YLBRXQFepmN6Re7v82/view?usp=share_link | ||
| 942 | _cVEM | ||
| 999 |
_c20411 _d20411 |
||